| 000 | 00983nam a22003257a 4500 | ||
|---|---|---|---|
| 001 | 0052852 | ||
| 003 | KOHA_MİRAKIL | ||
| 005 | 20260207003858.0 | ||
| 007 | ta | ||
| 008 | 150629b2014 tu |||gr||||#||||0|tur | | ||
| 020 | _a9786050812695 | ||
| 040 |
_aTR-BiSEU _btur _cTR-BiSEU _erda |
||
| 041 | 0 | _atur | |
| 044 | _ctu | ||
| 050 |
_aD23 _b.C56 2014 |
||
| 100 | 1 | _aÇimen, Ali . | |
| 245 | 1 |
_aTarihi değiştiren keşifler/ _cAli Çimen ; Ali Çimen; Proje Editörü Adem Koçal. |
|
| 264 | 1 |
_aİstanbul : _bTimaş _c2014 |
|
| 300 | _a364 sayfa: resimli, 1 Haritalı; 25 cm. | ||
| 336 |
_ametin _btxt _2rdacontent |
||
| 337 |
_aaracısız _bn _2rdamedia |
||
| 338 |
_acilt _bnc _2rdacarrier |
||
| 490 | 1 |
_aTimaş Yayınları ; _v360. |
|
| 490 | 1 |
_aPopüler Tarih Dizisi ; _v26 |
|
| 650 | 0 |
_aDünya tarihi. _91475 |
|
| 650 | 0 |
_aWorld history. _912602 |
|
| 830 | 1 |
_aTimaş Yayınları ; _v360. _99767 |
|
| 830 | 1 |
_aPopüler Tarih Dizisi ; _v26 _951493 |
|
| 942 |
_2lcc _cBK |
||
| 999 |
_c52666 _d52666 |
||